| 000 | 01328nam0a22002771 4500 | ||
|---|---|---|---|
| 001 | rc\4885135 | ||
| 005 | 20260407071614.0 | ||
| 021 |
_aRU _b[59-23588] |
||
| 035 | _a(NLR Aleph) 008918748 | ||
| 090 |
_a8810467 _c8810467 |
||
| 100 | _a20130426d1959 |||y0rusy50 ca | ||
| 101 | 0 | _arus | |
| 102 | _aRU | ||
| 105 | _ay j ||||| | ||
| 200 | 1 |
_aЛекции по курсу "Теория автоматического регулирования системы автоматического регулирования при случайных возмущениях" _fМ-во высш. образования СССР. Всесоюз. заоч. энергет. ин-т. Кафедра автомат. контроля и регулирования |
|
| 210 |
_aМосква _cБ. и. _d1959 |
||
| 215 |
_a39 с. _cграф. _d21 |
||
| 300 | _aПеред загл. авт.: д-р техн. наук проф. Я.З. Цыпкин | ||
| 606 |
_aАвтоматическое регулирование _jПособия заочные _2psbo |
||
| 700 | 1 |
_4070 _7ca _8rus _aЦыпкин _bЯ. З. _cд-р техн. наук _f1919-1997 _gЯков Залманович _3RU\NLR\AUTH\770282226 _92670680 |
|
| 801 | 0 |
_aRU _bNLR _gpsbo |
|
| 801 | 1 |
_aRU _bELAR _2rusmarc |
|
| 852 |
_aNLR _j59-4/6969 |
||
| 942 | _cBOOK | ||
| 980 | _aNB | ||